Powerful presentations : 50 original ideas for making a real impact
| Main Author: | |
|---|---|
| Other Authors: | |
| Format: | Book |
| Published: |
London :
Kogan Page ,
1993
|
| Subjects: |
MARC
| LEADER | 00000cam a2200000 7i4500 | ||
|---|---|---|---|
| 001 | 0000004018 | ||
| 002 | 000004326 | ||
| 005 | 20140806.0 | ||
| 020 | |a 0749411643 | ||
| 090 | 0 | 0 | |a 658.85 |b EHR |
| 100 | 1 | |a Ehrenborg, Jons | |
| 245 | 1 | 0 | |a Powerful presentations : |b 50 original ideas for making a real impact |c Jons Ehrenborg |
| 260 | |a London : |b Kogan Page , |c 1993 | ||
| 300 | |a 117p. ; |c 22cm. | ||
| 650 | 0 | 0 | |a Business presentations |
| 650 | 0 | 0 | |a Sales presentations |
| 700 | 1 | |a Mattock, John | |
| 999 | |a 037249 |b BUKU |c PINJAMAN |e PERPUSTAKAAN KOMUNITI PETALING JAYA | ||